| 000 | 03789naa2a2200421 4500 | ||
|---|---|---|---|
| 001 | RU\NLR\BIBL_A\011369349 | ||
| 005 | 20260407064340.0 | ||
| 035 | _a(NLR Aleph) 011369349 | ||
| 090 |
_a11342071 _c11342071 |
||
| 100 | _a20170417d1809 m||y0rusy50 ca | ||
| 101 | 0 | _arus | |
| 102 | _aRU | ||
| 135 | _acrcn 024anaba | ||
| 200 | 1 | _aИнструкция Межевой ревизионной коммисии в Лифляндии. | |
| 210 | _d1809] | ||
| 304 | _aВверху текста на с.1 (2-ая паг.): На подлинной написано собственною его императорскаго величества рукою тако: Быть по сему Александр. В С.Петербурге февраля 28 дня 1809 года. | ||
| 304 | _aВнизу текста на с.11 (2-ая паг.): Подлинную подписали: К. Алексей Куракин. Осип Козодавлев. М.Сперанский. Федор Рерздорф [! Герздорф]. Густав Будденброк. Яков Дружинин. Петр Экспарт. По листам скрепил правитель дел надворный советник Кайсаров. | ||
| 325 | 1 | _aКопия доступна в электронной библиотеке РНБ | |
| 463 | 0 |
_1001RU\NLR\BIBL_A\011369186 _12001#$aДополнительныя статьи постановляемыя в пояснение Положения о правах и повинностях лифляндских крестьян, в 20 й день февраля 1804 года высочайше утвержденнаго.$vС.1-11, [1] (2-ая паг.) _911341069 _c[Б.м. _d1809] _p[2], 20, 11, [1] с. _tДополнительныя статьи постановляемыя в пояснение Положения о правах и повинностях лифляндских крестьян, в 20 й день февраля 1804 года высочайше утвержденнаго. _vС.1-11, [1] (2-ая паг.) |
|
| 702 | 1 |
_4720 _8rus _7ca _aКуракин _bА. Б. _f1759-1829 _gАлексей Борисович _3RU\NLR\AUTH\7789108 _972036 |
|
| 702 | 1 |
_4720 _8rus _7ca _aКозодавлев _bО. П. _f1754-1819 _gОсип Петрович _3RU\NLR\AUTH\7785225 _968153 |
|
| 702 | 1 |
_4720 _8rus _7ca _aСперанский _bМ. М. _cгос. деятель _f1772-1839 _gМихаил Михайлович _3RU\NLR\AUTH\7714541 _9124213 |
|
| 702 | 1 |
_4720 _aГерздорф _bФ. Г. _gФедор Григорьевич _9172077 _3RU\NLR\AUTH\770172127 |
|
| 702 | 1 |
_4720 _7ca _8rus _aБудденброк _bГ. И. _f1758-1821 _gГустав Иоганн _9172076 _3RU\NLR\AUTH\770172126 |
|
| 702 | 1 |
_4720 _7ca _8rus _aДружинин _bЯ. А. _f1771-1849 _gЯков Александрович _9168124 _3RU\NLR\AUTH\770168172 |
|
| 702 | 1 |
_4720 _7ca _8rus _aЭкеспарре _bП. К. _gПетр Карлович _9172079 _3RU\NLR\AUTH\770172129 |
|
| 702 | 1 |
_4720 _7ca _8rus _aКайсаров _bП. С. _f1777-1854 _gПетр Сергеевич _9172085 _3RU\NLR\AUTH\770172135 |
|
| 711 | 0 | 1 |
_4570 _aРоссия _bМежевая комиссия _3RU\NLR\AUTH\889935760 _9366387 |
| 852 |
_aNLR _j18.107.1.216 |
||
| 901 | _eКнижные издания | ||
| 942 | _cBOOK | ||
| 980 | _aA1XVIIIv | ||
| 980 | _aA1UKAZ | ||
| 981 | 2 | 0 | _a(20) Книжные памятники РНБ |
| 981 | 1 | 6 | _a(16) Законодательные акты Российской империи |
| 981 | 2 | 2 |
_a(22) Материалы по истории России _b(22) История России до 25 октября (7 ноября) 1917 года _bОрганы управления |